000 00526nam a2200193Ia 4500
005 20240605042529.0
008 240331s9999 xx 000 0 und d
020 _a955910277x
082 _bEXC
_a323
100 _aPerera, M. ed
245 0 _aExcluding women :
_bthe struggle for women's political participation in Sri Lanka
260 _aColombo
_bSocial Scientists' Association
_c2005
300 _ai,150 p.,
650 _aWomen
650 _aPolitics
700 _aPerera, M.
700 _aChandrasekara,R
942 _cL
999 _c2520
_d2520